| 000 | 00563nam a2200205 a 4500 | ||
|---|---|---|---|
| 005 | 20140310183411.0 | ||
| 008 | 070816s19uu xx 00 eng d | ||
| 020 | _a19087012 | ||
| 050 |
_aPN 4705 _b.P538 2007 |
||
| 100 | _aCMFR | ||
| 245 |
_aPhilippine Journalism Review : _bthe CMFR refereed journal. / |
||
| 260 |
_aPhilippines : _bCenter for Media Freedom & Development, _c2007. |
||
| 300 |
_a174 p. : _c23 cm. |
||
| 521 | _aMC | ||
| 650 |
_aJournalism _xPhilippines. |
||
| 942 |
_cBK _2lcc _kLOC |
||
| 999 |
_c22507 _d22507 |
||